| 000 -LEADER |
| fixed length control field |
00331cam a22001097a 4500 |
| 008 - FIXED-LENGTH DATA ELEMENTS--GENERAL INFORMATION |
| fixed length control field |
180718b1999 xxu||||| |||| 00| 0 eng d |
| 020 ## - INTERNATIONAL STANDARD BOOK NUMBER |
| International Standard Book Number |
81 86782 41 9 |
| 100 ## - MAIN ENTRY--PERSONAL NAME |
| Personal name |
Tailor, Meenakshi |
| 245 ## - TITLE STATEMENT |
| Title |
Bharat main sansdiya Shashan ke Ochitya ka Pariksha |
| Statement of responsibility, etc. |
by Meenakshi Tailor |
| 260 ## - PUBLICATION, DISTRIBUTION, ETC. |
| Place of publication, distribution, etc. |
Jaipur |
| Name of publisher, distributor, etc. |
Publication Skim |
| Date of publication, distribution, etc. |
1999 |
| 300 ## - PHYSICAL DESCRIPTION |
| Extent |
244p. |